Biología aplicada a la E. F

Kaydedildi:
Detaylı Bibliyografya
Yazar: Alonso Lobo, Segundo (Yazar)
Materyal Türü: Kitap
Dil:İspanyolca
Baskı/Yayın Bilgisi: Córdoba Seminario de E. F. del Departamento de Formación de la Delegación Provincial de la Juventud de Córdoba 1973
Seri Bilgileri:Orientaciones de consulta de las materias de educación física para las escuelas universitarias de profesorado de E. G. B, 2
Konular:
Etiketler: Etiketle
Etiket eklenmemiş, İlk siz ekleyin!

MARC

LEADER 00000nam a2200000 a 4500
001 UCU1148
003 CL-VaPUC
008 960329e19730000SP |||||||||||||||||spa|d
082 0 4 |a 617.102  |b ALO  |2 21 
100 0 |a Alonso Lobo, Segundo  |e author  |9 356754 
245 1 0 |a Biología aplicada a la E. F 
300 |a v 
942 |c BK 
945 |d 19960329 00:00:00  |a paguirre 
260 |a Córdoba  |b Seminario de E. F. del Departamento de Formación de la Delegación Provincial de la Juventud de Córdoba  |c 1973 
500 |a v.2: Fisiología aplicada a la E. F.. Medicina deportiva 
650 7 |a CIENCIAS MEDICAS  |2 CL-VaPUC  |9 337221 
650 7 |a FISIOLOGIA  |2 CL-VaPUC  |9 356755 
650 0 |a Fisiología humana   |9 269557 
650 7 |a DEPORTE  |2 CL-VaPUC  |9 356756 
650 0 |a Educación física  |9 240893 
583 |a last modification  |c 19960329 00:00:00  |k Rodrigo Vera 
490 0 |a Orientaciones de consulta de las materias de educación física para las escuelas universitarias de profesorado de E. G. B, 2 
999 |c 245876  |d 245874 
952 |0 0  |1 0  |4 0  |6 617_102000000000000_ALO_1973  |7 0  |8 P  |9 260495  |a BIBEDU  |b BIBEDU  |c BIBEDU_PB  |d 2019-11-19  |h v.2  |i 3026655  |o 617.102 ALO 1973  |p 3026655  |r 2024-01-25  |w 2019-11-19  |y BK  |k EDU